Los doce códigos del estado soberano de Cundinamarca (Registro nro. 167737)

Detalles MARC
000 -ENCABEZADO
Número de control [NR] 01424cam a2200241ua 4500
005 - FECHA Y HORA DE LA ÚLTIMA TRANSACCIÓN
control field 20140903174905.0
008 - DE LONGITUD FIJA DE DATOS DE ELEMENTOS - INFORMACIÓN GENERAL
Elementos de longitud fija [NR] 850612s1859 ck fr 000 0 spa d
040 ## - FUENTE DE CATALOGACION [NR]
Agencia de catalogación original [NR] DLC
Quien Cataloga Sandra Yazo (modificó)
Quien Clasifica Sandra Yazo (modificó)
041 ## - CODIGO DE IDIOMA [R]
Código de idioma para texto/pista de sonido o título separado [R] Español
082 0# - NUMERO DE CLASIFICACION DECIMAL DEWEY [R]
Número de la edición [NR] 20
Número de clasificación [R] 349.8614
092 ## - SIGNATURA TOPOGRAFICA LOCAL
Número de clasificación local E27N046
110 1# - ASIENTO PRINCIPAL--NOMBRE CORPORATIVO [NR]
Nombre corporativo o de jurisdicción como elemento de entrada [NR] Cundinamarca (Colombia)
ID de autoridad 39449
245 14 - MENCION DE TITULO [NR]
Título [NR] Los doce códigos del estado soberano de Cundinamarca
260 ## - PUBLICACION, DISTRIBUCION, ETC. (PIE DE IMPRENTA) [R]
Lugar de publicación, distribución, etc. [R] Lipsia,
Nombre del editor, distribuidor, etc. [R] Imprenta de Echeverria Hermanos
Fecha de publicación, distribución, etc. [R] 1859
300 ## - DESCRIPCION FISICA [R]
Extensión [R] 425 p.
Dimensiones [R] 25 x 16 cm.
500 ## - NOTA GENERAL [R]
Nota general [NR] Detalles físicos: Encuadernación rígida en cartón forrada en papel con lomo en cuero letras y adornos en dorado muy roto. Guardas. Anteportada. Portada sencilla. Texto impreso en una sola columna sobre papel de regular calidad y manchado.
505 2# - NOTA DE CONTENIDO CON FORMATO PREESTABLECIDO [R]
Nota de contenido con formato preestablecido [NR] V.1: Constitución política para la confederación granadina. ; Constitución política del estado de Cundinamarca. ; Código político y municipal. ; Código de elecciones. ; Código de policía. ; Código fiscal. ; Código de fomento. ; Código de instrucción pública. ; Código sobre establecimientos públicos de caridad y beneficencia. ; Actos legislativos no incluidos en los códigos.
505 2# - NOTA DE CONTENIDO CON FORMATO PREESTABLECIDO [R]
Nota de contenido con formato preestablecido [NR] V.2: Código judicial. ; Código penal. ; Código militar.
506 ## - NOTA DE RESTRICCIONES DE ACCESO [R]
Condiciones de acceso [NR] Consulta en sala
650 #0 - ASIENTO SECUNDARIO DE MATERIA - TERMINO TEMATICO [R]
Término temático o nombre geográfico como elemento de entrada [NR] Legislación
Subdivisión geográfica [R] Colombia
-- Cundinamarca
9 (RLIN) 39450
690 ## - ASUNTO AGREGADO LOCAL DE ENTRADA - TÉRMINO TEMÁTICO (OCLC, RLIN)
Acceso temático local Derecho
942 ## - ELEMENTOS DE ENTRADA AGREGADOS (KOHA)
Tipo de ítem principal el descrito en 300a Libro
Edición 1
Sistema de clasificación DEWEY
Clasificación 349.8614
Existencias
Suprimido Perdido Sistema de clasificación Dañado No prestable Tipo de ítem específico Ubicación habitual Ubicación actual Localización Fecha de creación Forma de adquisición Costo Volúmen / Fascículo Total préstamos Signatura topográfica Código de barras Última vez visto Ejemplar Price effective from Tipo de ítem
    LOCAL     Libro archivo Archivo Histórico Archivo Histórico Archivo histórico 20/06/2013 Donación 0.00 V.1   E27N046 L003923 20/06/2013 Ej.1 20/06/2013 Libro
    LOCAL     Libro archivo Archivo Histórico Archivo Histórico Archivo histórico 20/06/2013 Donación 0.00 V.2   E27N046 L003924 20/06/2013 Ej.1 20/06/2013 Libro